00850nam a2200181 a 450000100100000000500170001000800410002704000250006824500540009324600770014726000460022430000360027004900090030695201200031595201050043595201110054099900170065100002530120200930023707.0110214s2006 dr 000 0 spa d aDO-SdBNPbspacBNPHU00aMomorias Internón Oxfam República Dominicana.14aForja de esperanza:bMomorias de Intermón Oxfam República Dominicana aSanto Domingo :bIntermón Oxfam,c2006. a165 P. :bil., retrs. ;c23 cm. aBNPD 001054708DSaGRbGRcCTd2011-04-11iLF1l0o p25301-30r2020-06-25te. 3w2020-06-25yLFDSZPréstamo en sala 0010718PDaPDbPDcCTd2011-02-14iLF1l0o p25301-10r2020-06-25w2020-06-25yLFPDZNo se presta 0010718PDaPDbPDcCTd2011-04-11iLF1l0o p25301-20r2020-06-25te. 2w2020-06-25yLFPDZNo se presta c24794d24794